<?xml version="1.0" encoding="UTF-8"?>
<record
    xmlns:xsi="http://www.w3.org/2001/XMLSchema-instance"
    xsi:schemaLocation="http://www.loc.gov/MARC21/slim http://www.loc.gov/standards/marcxml/schema/MARC21slim.xsd"
    xmlns="http://www.loc.gov/MARC21/slim">

  <leader>01661    a2200325   4500</leader>
  <controlfield tag="003">NALT</controlfield>
  <controlfield tag="005">20250818140943.0</controlfield>
  <controlfield tag="008">200305b        th ||||| |||| 00| 0 tha d</controlfield>
  <datafield tag="020" ind1=" " ind2=" ">
    <subfield code="a">9786168215128</subfield>
  </datafield>
  <datafield tag="040" ind1=" " ind2=" ">
    <subfield code="a">NALT</subfield>
  </datafield>
  <datafield tag="041" ind1="1" ind2=" ">
    <subfield code="a">tha</subfield>
    <subfield code="h">eng</subfield>
  </datafield>
  <datafield tag="050" ind1=" " ind2=" ">
    <subfield code="a">JC 311</subfield>
    <subfield code="b">&#xE21;851 2562</subfield>
  </datafield>
  <datafield tag="245" ind1="0" ind2="0">
    <subfield code="a">&#xE40;&#xE21;&#xE37;&#xE48;&#xE2D;&#xE43;&#xE14;&#xE08;&#xE36;&#xE07;&#xE40;&#xE1B;&#xE47;&#xE19;&#xE0A;&#xE32;&#xE15;&#xE34; /</subfield>
    <subfield code="b"> </subfield>
    <subfield code="c">&#xE41;&#xE14;&#xE40;&#xE19;&#xE35;&#xE22;&#xE25; &#xE04;&#xE2D;&#xE19;&#xE41;&#xE27;&#xE23;&#xE4C;&#xE0B;&#xE35;...[&#xE41;&#xE25;&#xE30;&#xE04;&#xE19;&#xE2D;&#xE37;&#xE48;&#xE19;&#xE46;] ; &#xE1C;&#xE39;&#xE49;&#xE41;&#xE1B;&#xE25; &#xE1E;&#xE34;&#xE1E;&#xE31;&#xE12;&#xE19;&#xE4C; &#xE1E;&#xE2A;&#xE38;&#xE18;&#xE32;&#xE23;&#xE0A;&#xE32;&#xE15;&#xE34;...[&#xE41;&#xE25;&#xE30;&#xE04;&#xE19;&#xE2D;&#xE37;&#xE48;&#xE19;&#xE46;].</subfield>
  </datafield>
  <datafield tag="246" ind1="3" ind2="1">
    <subfield code="a">When is a nation?</subfield>
  </datafield>
  <datafield tag="250" ind1=" " ind2=" ">
    <subfield code="a">&#xE1E;&#xE34;&#xE21;&#xE1E;&#xE4C;&#xE04;&#xE23;&#xE31;&#xE49;&#xE07;&#xE41;&#xE23;&#xE01;</subfield>
  </datafield>
  <datafield tag="260" ind1=" " ind2=" ">
    <subfield code="a">&#xE01;&#xE23;&#xE38;&#xE07;&#xE40;&#xE17;&#xE1E;&#xE2F; : </subfield>
    <subfield code="b">&#xE2D;&#xE34;&#xE25;&#xE25;&#xE39;&#xE21;&#xE34;&#xE40;&#xE19;&#xE0A;&#xE31;&#xE19;&#xE2A;&#xE4C; &#xE40;&#xE2D;&#xE14;&#xE34;&#xE0A;&#xE31;&#xE19;&#xE2A;&#xE4C;, </subfield>
    <subfield code="c">2562.</subfield>
  </datafield>
  <datafield tag="300" ind1=" " ind2=" ">
    <subfield code="a">312 &#xE2B;&#xE19;&#xE49;&#xE32; ;</subfield>
    <subfield code="c">17 &#xE0B;&#xE21;.</subfield>
  </datafield>
  <datafield tag="650" ind1=" " ind2="4">
    <subfield code="9">29305</subfield>
    <subfield code="a">&#xE0A;&#xE32;&#xE15;&#xE34;&#xE19;&#xE34;&#xE22;&#xE21;</subfield>
  </datafield>
  <datafield tag="650" ind1=" " ind2="4">
    <subfield code="9">43926</subfield>
    <subfield code="a">&#xE0A;&#xE32;&#xE15;&#xE34;&#xE1E;&#xE31;&#xE19;&#xE18;&#xE38;&#xE4C;&#xE27;&#xE34;&#xE17;&#xE22;&#xE32;</subfield>
    <subfield code="x">&#xE41;&#xE07;&#xE48;&#xE01;&#xE32;&#xE23;&#xE40;&#xE21;&#xE37;&#xE2D;&#xE07;</subfield>
  </datafield>
  <datafield tag="650" ind1=" " ind2="4">
    <subfield code="9">43927</subfield>
    <subfield code="a">&#xE04;&#xE27;&#xE32;&#xE21;&#xE2A;&#xE31;&#xE21;&#xE1E;&#xE31;&#xE19;&#xE18;&#xE4C;&#xE17;&#xE32;&#xE07;&#xE0A;&#xE32;&#xE15;&#xE34;&#xE1E;&#xE31;&#xE19;&#xE18;&#xE38;&#xE4C;  </subfield>
    <subfield code="x">&#xE41;&#xE07;&#xE48;&#xE01;&#xE32;&#xE23;&#xE40;&#xE21;&#xE37;&#xE2D;&#xE07; </subfield>
  </datafield>
  <datafield tag="700" ind1="1" ind2=" ">
    <subfield code="9">43921</subfield>
    <subfield code="a">&#xE04;&#xE2D;&#xE19;&#xE41;&#xE27;&#xE23;&#xE4C;&#xE0B;&#xE35;, &#xE41;&#xE14;&#xE40;&#xE19;&#xE35;&#xE22;&#xE25;</subfield>
  </datafield>
  <datafield tag="700" ind1="1" ind2=" ">
    <subfield code="9">43922</subfield>
    <subfield code="a">&#xE2A;&#xE21;&#xE34;&#xE18;, &#xE41;&#xE2D;&#xE19;&#xE42;&#xE17;&#xE19;&#xE35; &#xE14;&#xE35;. </subfield>
  </datafield>
  <datafield tag="700" ind1="1" ind2=" ">
    <subfield code="9">43923</subfield>
    <subfield code="a">&#xE40;&#xE1A;&#xE23;&#xE22;&#xE22;&#xE35;&#xE48;, &#xE08;&#xE2D;&#xE2B;&#xE4C;&#xE19;</subfield>
  </datafield>
  <datafield tag="700" ind1="1" ind2=" ">
    <subfield code="9">43924</subfield>
    <subfield code="a">&#xE04;&#xE2D;&#xE19;&#xE40;&#xE19;&#xE2D;&#xE23;&#xE4C;, &#xE27;&#xE2D;&#xE25;&#xE4C;&#xE01;&#xE40;&#xE01;&#xE2D;&#xE23;&#xE4C;</subfield>
  </datafield>
  <datafield tag="700" ind1="0" ind2=" ">
    <subfield code="a">&#xE18;&#xE40;&#xE19;&#xE28; &#xE27;&#xE07;&#xE28;&#xE4C;&#xE22;&#xE32;&#xE19;&#xE19;&#xE32;&#xE27;&#xE32;. </subfield>
    <subfield code="9">20696</subfield>
  </datafield>
  <datafield tag="700" ind1="0" ind2=" ">
    <subfield code="9">43925</subfield>
    <subfield code="a">&#xE1E;&#xE34;&#xE1E;&#xE31;&#xE12;&#xE19;&#xE4C; &#xE1C;&#xE2A;&#xE38;&#xE18;&#xE32;&#xE23;&#xE0A;&#xE32;&#xE15;&#xE34;</subfield>
  </datafield>
  <datafield tag="850" ind1=" " ind2=" ">
    <subfield code="a">NALT</subfield>
  </datafield>
  <datafield tag="942" ind1=" " ind2=" ">
    <subfield code="2">lcc</subfield>
    <subfield code="c">GB</subfield>
  </datafield>
  <datafield tag="998" ind1=" " ind2=" ">
    <subfield code="a">phon</subfield>
    <subfield code="b">phon</subfield>
    <subfield code="c">phon</subfield>
    <subfield code="j">1020</subfield>
    <subfield code="k"> &#xE19;&#xE32;&#xE07;&#xE08;&#xE33;&#xE40;&#xE23;&#xE35;&#xE22;&#xE07;  &#xE23;&#xE30;&#xE27;&#xE31;&#xE07;&#xE2A;&#xE33;&#xE42;&#xE23;&#xE07;</subfield>
  </datafield>
  <datafield tag="999" ind1=" " ind2=" ">
    <subfield code="c">96692</subfield>
    <subfield code="d">96692</subfield>
  </datafield>
  <datafield tag="952" ind1=" " ind2=" ">
    <subfield code="0">0</subfield>
    <subfield code="1">0</subfield>
    <subfield code="2">lcc</subfield>
    <subfield code="4">0</subfield>
    <subfield code="7">0</subfield>
    <subfield code="8">CGBL</subfield>
    <subfield code="a">NALT</subfield>
    <subfield code="b">NALT</subfield>
    <subfield code="c">GEN</subfield>
    <subfield code="d">2020-02-25</subfield>
    <subfield code="e">1</subfield>
    <subfield code="l">6</subfield>
    <subfield code="m">3</subfield>
    <subfield code="o">JC 311 &#xE21;851 2562</subfield>
    <subfield code="p">3961210216</subfield>
    <subfield code="r">2024-06-28 00:00:00</subfield>
    <subfield code="s">2024-06-13</subfield>
    <subfield code="w">2020-02-25</subfield>
    <subfield code="y">GB</subfield>
  </datafield>
</record>
